00357cam a22001337a 4500008004000000082001200040100001900052245005800071260004200129300001000171650001500181650001500196650001200211180718b1851 xxu||||| |||| 00| 0 eng d aAB2 P26 aPascal, Blaise aProvincial letters of Blaise Pascalcby Blaise Pascal aEdinburghbJohnstone and Hunterc1851 a348p. aPort Royal aJansenists aJesuits